| 000 | 00558cam a22002054a 4500 | ||
|---|---|---|---|
| 005 | 20250605164310.0 | ||
| 008 | 250528s ||||||||||||||||||||||||d | ||
| 035 | _a22430 | ||
| 020 | _a9789603942306 | ||
| 040 |
_aGR-AtMCL _bgre _dGR-AtMCL _eAACR2 |
||
| 245 | 1 | _aΝΕΥΡΟΑΝΑΤΟΜΙΑ ΕΙΚΟΝΟΓΡΑΦΗΜΕΝΟ ΕΓΧΕΙΡΙΔΙΟ | |
| 250 | _a2 | ||
| 260 |
_bΕκδόσεις Παρισιάνου, _c2000 |
||
| 300 | _a191 | ||
| 700 | 1 |
_aCrossman A.R _98260 |
|
| 700 | 1 |
_aNeary D _98261 |
|
| 942 | _cBK | ||
| 999 |
_c7482 _d7482 |
||